|
|
|
|
| LEADER |
00000nam0a2200000 4500 |
| 001 |
193244 |
| 005 |
20231101224454.0 |
| 035 |
|
|
|a (RuTPU)RU\TPU\book\210761
|
| 090 |
|
|
|a 193244
|
| 100 |
|
|
|a 20110322d2010 m y0rusy50 ca
|
| 101 |
0 |
|
|a rus
|
| 102 |
|
|
|a RU
|
| 105 |
|
|
|a a j 001zy
|
| 200 |
1 |
|
|a Специальные кабельные изделия
|e учебное пособие
|f В. М. Аникеенко, И. В. Флеминг
|g Национальный исследовательский Томский политехнический университет (ТПУ)
|
| 210 |
|
|
|a Томск
|c Изд-во ТПУ
|d 2010
|
| 215 |
|
|
|a 127 с.
|c ил.
|
| 320 |
|
|
|a Библиогр.: с. 126.
|
| 330 |
|
|
|a В пособии рассмотрены современные конструкции кабелей и проводов различного назначения. Проанализированы условия эксплуатации и требования к конструкциям, а также физико-механическим характеристикам элементов кабелей. Представлены используемые при изготовлении материалы и их свойства, методы повышение работоспособности кабельных изделий, кроме того, представлены методики расчета электрических и тепловых характеристик. Предназначено для магистрантов, обучающихся по направлению 140400 «Электротехника и электроэнергетика» (140600 «Электротехника, электромеханика и электротехнологии») магистерская программа «Материаловедение в электротехнике и радиоэлектронике».
|
| 452 |
|
1 |
|0 (RuTPU)RU\TPU\book\219217
|t Специальные кабельные изделия
|o учебное пособие
|f В. М. Аникеенко, И. В. Флеминг
|g Национальный исследовательский Томский политехнический университет (ТПУ)
|c Томск
|n Изд-во ТПУ
|d 2010
|a Аникеенко, Владимир Михайлович
|
| 606 |
1 |
|
|a Кабельные изделия
|2 stltpush
|3 (RuTPU)RU\TPU\subj\13412
|9 40023
|
| 610 |
1 |
|
|a радиочастотные кабели
|
| 610 |
1 |
|
|a классификация
|
| 610 |
1 |
|
|a спиральные кабели
|
| 610 |
1 |
|
|a электрические характеристики
|
| 610 |
1 |
|
|a LAN-кабели
|
| 610 |
1 |
|
|a типы
|
| 610 |
1 |
|
|a ленточные провода
|
| 610 |
1 |
|
|a параметры
|
| 610 |
1 |
|
|a расчет
|
| 610 |
1 |
|
|a шахтные кабели
|
| 610 |
1 |
|
|a экскаваторные кабели
|
| 610 |
1 |
|
|a конструкции
|
| 610 |
1 |
|
|a нефтедобывающая промышленность
|
| 610 |
1 |
|
|a геофизические кабели
|
| 610 |
1 |
|
|a нефтепогружные кабели
|
| 610 |
1 |
|
|a нагревательные кабели
|
| 610 |
1 |
|
|a нагревательные провода
|
| 610 |
1 |
|
|a учебные пособия
|
| 610 |
1 |
|
|a труды учёных ТПУ
|
| 675 |
|
|
|a 621.315.2.002(075.8)
|v 3
|
| 700 |
|
1 |
|a Аникеенко
|b В. М.
|c специалист в области электротехники
|c доцент Томского политехнического университета, кандидат технических наук
|f 1935-
|g Владимир Михайлович
|2 stltpush
|3 (RuTPU)RU\TPU\pers\25660
|
| 701 |
|
1 |
|a Флеминг
|b И. В.
|c специалист в области электротехники
|c аспирант, ассистент Томского политехнического университета
|f 1984-
|g Ирина Викторовна
|2 stltpush
|3 (RuTPU)RU\TPU\pers\27999
|
| 712 |
0 |
2 |
|a Национальный исследовательский Томский политехнический университет (ТПУ)
|c (2009- )
|2 stltpush
|3 (RuTPU)RU\TPU\col\15902
|
| 801 |
|
1 |
|a RU
|b 63413507
|c 20110322
|
| 801 |
|
2 |
|a RU
|b 63413507
|c 20201013
|g RCR
|
| 900 |
|
|
|a Специальные кабельные изделия
|
| 942 |
|
|
|c BK
|